Sensación y percepción (Registro nro. 29998)

Detalles MARC
000 -CABECERA
Longitud fija campo de control 01134nam a2200241 a 4500
003 - • IDENTIFICADOR DELl NÚMERO DE CONTROL
Identificador del número de control CO-ViMGA
008 - • CÓDIGOS DE INFORMACIÓN DE LONGITUD FIJA
Códigos de información de longitud fija 141112s2004 ck r 000 u spa d
020 ## - • NÚMERO INTERNACIONAL NORMALIZADO PARA LIBROS
Número Internacional Normalizado para Libros (ISBN) 9706864865
040 ## - FUENTE DE LA CATALOGACIÓN
Centro catalogador de origen CO-ViMGA
Lengua de catalogación spa
Centro transcriptor CO-ViMGA
082 04 - • NÚMERO DE LA CLASIFICACIÓN DECIMAL DEWEY
Número de clasificación (R) 152.1 G653
100 1# - • PUNTO DE ACCESO PRINCIPAL-NOMBRE DE PERSONA
Nombre de persona Goldstein, E. Bruce
245 10 - • TITULO PROPIAMENTE DICHO
Título Sensación y percepción
250 ## - • MENCIÓN DE EDICIÓN
Mención de edición 6
300 ## - • DESCRIPCIÓN FÍSICA
Extensión 684
505 ## - • NOTA DE CONTENIDO CON FORMATO
Nota de contenido con formato Intriducción a la percepción El proceso de la percepción 2 - - Receptores y procesamiento neuronal El estímulo para la visiín y la estructura del sistema visual 37 - - Percepción de objetos El enfoque de la Gestalt sobre la organización perceptual : modo en el que los elementos se agrupan 146 - - Percepción de la profundidad y del tamaño Claves binoculares de profundidad 233 - - Percepción del habla El estímulo del habla 410
590 ## - NOTAS LOCALES
Nota local Forma de adquisición : Compra fact. 0864 - - Precio : 69000 - - Proveedor : Temas y libros - - Fecha de adquisición : Mayo 2007
650 14 - • PUNTO DE ACCESO ADICIONAL DE MATERIA - TÉRMINO DE MATERIA
Término de materia o nombre geográfico como elemento inicial PERCEPCION
650 14 - • PUNTO DE ACCESO ADICIONAL DE MATERIA - TÉRMINO DE MATERIA
Término de materia o nombre geográfico como elemento inicial PSICOFISIOLOGIA
650 14 - • PUNTO DE ACCESO ADICIONAL DE MATERIA - TÉRMINO DE MATERIA
Término de materia o nombre geográfico como elemento inicial SENTIDOS
942 ## - ENTRADA DE ELEMENTOS AGREGADOS (KOHA)
Fuente de clasificaión o esquema Dewey Decimal Classification
Koha [por defecto] tipo de item LIbro
Existencias
Perdido Fuente de clasificación o esquema Estado Físico No para préstamo Forma de adquisición Localización permanente Localización actual Fecha adquisición Serie de enumeración / cronolog&íacute;a Préstamos totales Signatura completa Código de barras Fecha última consulta Número de copia Fecha del precio de reemplazo Tipo de item de Koha
  Dewey Decimal Classification     Sala Especializada Tercer Piso Biblioteca Pública Germán Arciniegas - Villavicencio Biblioteca Pública Germán Arciniegas - Villavicencio 12/04/2015 Volumen. 1 | 11/jun/2009   152.1 G653 21382 12/04/2015 Ej. 1 12/04/2015 LIbro









Instituto Departamental de Cultura del Meta - Red Departamental de Bibliotecas Públicas del Meta.